Karl Marx Quotes - Statistics

General Stats
  • This quiz has been taken 266 times
  • The average score is 12 of 25
Answer Stats
Quote Answer % Correct
Workers of the world, ______! Unite
88%
[Religion] is the ______ of the people. Opium
84%
The proletariat have nothing to lose but their ______. Chains
83%
A ______ is haunting Europe Spectre
82%
Refusal to pay ______ is the primary duty of a citizen. Taxes
80%
Needs
75%
From Each according to his ______, to each according to his ______. Abilities
69%
The last Capitalist we shall hang shall be the one who sold us the ______. Rope
67%
History repeats itself first as tragedy, second as ______. Farce
64%
Capitalism
62%
Change
51%
______ have only interpreted the world in various ways. The point, however, is to ______ it. Philosophers
47%
Abolish all ______ ______. Private property
46%
The history of all _____ society is the history of class struggle. Hitherto
38%
If anything is certain, it is that I am not a ______. Marxist
36%
Keep people from their ______ and they are easily controlled. History
30%
_____ _____ are for fools who haven't said enough. Last words
28%
______ are the locomotives of history. Revolutions
28%
The wealth of those societies in which the capitalist mode of production prevails, presents itself as “an immense accumulation of ______,” Commodities
26%
The first requisite for the happiness of the people is the abolition of ______. Religion
23%
______ is the road to socialism. Democracy
22%
My object in life is to dethrone ______ and destroy ______. God
16%
The ______ is merely a capitalist gone mad, the capitalist is a rational ______. Miser
14%
That single, unconscionable freedom - _____ _____. Free trade
13%
______ is the mirror of reality. Music
10%
No matching quizzes found
Score Distribution
Percent of People with Each Score
Percentile by Number Answered
Your Score History
You have not taken this quiz